000 00428nam a2200145Ia 4500
008 231217s9999 xx 000 0 und d
041 _aEnglish
082 _a001.6424JAV KAL;1 R
100 _aKalata, Kathleen
245 0 _aInternet programming with VB script and Java script
260 _c2001
_bCourse Technology
_aAustralia
300 _axxii+578
650 _aInternet,programming,VB,script,Java,script
942 _cAA
999 _c172364
_d172364